PRI PREMIESTŇOVANÍ I PRI RABOVKE

Bibliographic Details
Main Author: Jurík, Anton (Author)
Format: Article
Language:Slovak

MARC

LEADER 00000nab a2200000ua 4500
001 vtls010799305
003 SK-MaSNL
005 20260303120331.0
008 230131s1967 xo |||||||||||||||||slo|
035 |a (urnnbn)urn:nbn:sk:snk:ar-a00snp 
035 |a (uuid)6bf6da7a-32e6-409e-827c-b723e2a40d24 
035 |a urn:nbn:sk:snk-ab52qc 
040 |a SNKBUCL  |b slo  |c SNKBUCL  |e AACR2 
041 0 |a slo 
044 |a xo  |c SK 
100 1 |a Jurík, Anton  |4 aut  |9 1132646 
245 1 0 |a PRI PREMIESTŇOVANÍ I PRI RABOVKE  |c Anton Jurík 
773 0 |t Včelár : odborný časopis Povereníctva poľnohospodárstva a lesného hospodárstva a Ústredia včelárskych združení na Slovensku  |g Roč. 41, č. 3 (1967), s. 55 
954 |a odborná, vedecká literatúra pôvodná (slovenská)  |2 lita 
958 |a OND 
958 |a EUIPO 
958 |a article3 
999 |c 1908969  |d 1910899